MARC details
| 000 -LÍDER |
| campo de controle de tamanho fixo |
01470nam a22002777a 4500 |
| 001 - NÚMERO DE CONTROLE |
| campo de controle |
406 |
| 003 - IDENTIFICADOR DO NÚMERO DE CONTROLE |
| campo de controle |
OSt |
| 005 - DATA E HORÁRIO DA ÚLTIMA TRANSAÇÃO |
| campo de controle |
20250508141901.0 |
| 008 - CAMPO DE DADOS FIXOS--INFORMAÇÃO GERAL |
| campo de controle de tamanho fixo |
250507b |||||||| |||| 00| 0 eng d |
| 020 ## - ISBN - INTERNATIONAL STANDARD BOOK NUMBER |
| ISBN - International Standard Book Number |
8572531246 |
| 040 ## - FONTE DA CATALOGAÇÃO |
| Idioma da catalogação |
por |
| 082 ## - CDD - CLASSIFICAÇÃO DECIMAL DE DEWEY |
| Número de Classificação |
133.93 |
| Número do exemplar |
C284s |
| 100 0# - ENTRADA PRINCIPAL--NOME PESSOAL |
| Nome pessoal |
Carlos, Antonio |
| Títulos e outras palavras associadas ao nome |
(Espírito). |
| 9 (RLIN) |
791 |
| 245 ## - TÍTULO |
| Título |
O Sonâmbulo / |
| Indicação de responsabilidade, etc. |
Carlos, Antonio (espirito) ; Psicografado por Vera Lúcia Marinzeck de Carvalho. |
| 260 ## - PUBLICAÇÃO, DISTRIBUIÇÃO, ETC. |
| Local de publicação, distribuição, etc. |
São Paulo |
| Nome do editor, distribuidor, etc. |
Petit |
| Data da publicação, distribuição, etc. |
2004 |
| 300 ## - DESCRIÇÃO FÍSICA |
| Extensão |
159 p. |
| 520 ## - NOTA DE RESUMO, ETC. |
| Resumo, etc. |
Daniel, que é Nic, o sonâmbulo, tem medo de dormir. Durante o sono, uma força estranha toma conta do seu corpo, e tudo pode acontecer... Entre as sombras, um vulto movimenta-se atormentado. Vítimas da violência, mulheres indefesas perdem a vida na madrugada, nas mãos de um cruel e insaciável assassino. Ao amanhecer, os sapatos de Daniel estão sujos de lama e o seu quarto foi revirado. Desesperado, não sabe o que fazer... Até quando a noite vai esconder tantos crimes misteriosos? Quem é esse homem tão estranho, que não é capaz de declarar o seu amor à única mulher por quem se apaixonou? Quantos mistérios emocionantes esta leitura nos proporciona!<br/> |
| 650 #0 - ASSUNTO--TERMO TÓPICO |
| Cabeçalho tópico ou nome geográfico |
Literatura Brasileira |
| 9 (RLIN) |
205 |
| 650 #0 - ASSUNTO--TERMO TÓPICO |
| Cabeçalho tópico ou nome geográfico |
Psicografias |
| 9 (RLIN) |
485 |
| 650 #0 - ASSUNTO--TERMO TÓPICO |
| Cabeçalho tópico ou nome geográfico |
Sonambulismo |
| 9 (RLIN) |
875 |
| 650 #0 - ASSUNTO--TERMO TÓPICO |
| Cabeçalho tópico ou nome geográfico |
Romance Espirita |
| 9 (RLIN) |
876 |
| 650 #0 - ASSUNTO--TERMO TÓPICO |
| Cabeçalho tópico ou nome geográfico |
Assassinatos |
| 9 (RLIN) |
873 |
| 655 #0 - TERMO DE ÍNDICE--GÊNERO E FORMA |
| Gênero/forma/ou termo foco |
Romance |
| 700 1# - ENTRADA ADICIONADA - NOME PESSOAL |
| Nome pessoal |
Carvalho, Vera Lúcia Marinzeck de, |
| Datas associadas ao nome |
1948- |
| Função do autor por extenso |
médium |
| 9 (RLIN) |
795 |
| 942 ## - ELEMENTOS DE ENTRADA ADICIONADOS (KOHA) |
| Fonte de classificação ou esquema de arquivamento |
Classificação decimal de Dewey |
| Tipo de material Koha |
Livros |
| Ocultar no OPAC |
Não |